000 00633 a2200181 4500
999 _c183421
_d183421
005 20211224125658.0
010 _aENG-130611
020 _a978-93-89811-98-8
_c895.00
035 _aEN-114143
037 _bDBAD/PUB
082 _a332.1
100 _aSaunders, Anthony
245 _aFinancial Markets and Institutions:
_cAnthony Saunders, Marcia Millon Cornett, Anshul Jain
260 _aChennai
_bMcGraw Hill Education Private Limited
_c2020
270 _a441/1, Sri Ekambara Naicker Industrial Estate, Alapakkam, Porur
_bTamil Nadu
_e600116
300 _a727p.
_c28cm (pbk)
942 _adpl
_cEN
_2ddc
_h332.1
_mSAU